LDR 00797naa#a2200169#i#450# 001 EN\\bibl\126837 005 20260701033801.3 011 ## _a2782-4926 100 ## _a20260630b2026####ek#y0engy0150####ca 102 ## _aRU 200 1# _aMULTIFACETED NATURE OF MARY MAGDALENE: ASPECTS OF THE SAINT’S ESSENCE IN VISUAL ART _eJournal article 210 1# _aKrasnoyarsk _cKrasnoyarsk regional public organization Commonwealth of Enlighteners of Krasnoyarsk _d2026 215 ## _a10 с. 608 ## _aJournal article _2local 675 ## _aОбъекты и темы художественного изображения. Иконография. Иконология. Детали и отделка. Украшение. Декор. Орнамент. 7.04 _z 700 #1 _aTarasova _gMaria Vladimirovna 856 4# _asiberianart-journal.ru _u